|
|
|
|
| LEADER |
00000naa a2200000uu 4500 |
| 001 |
vtls010957266 |
| 003 |
SK-MaSNL |
| 005 |
20260302141627.0 |
| 008 |
210905|1997 xo |||||||||||||||||slo| |
| 015 |
|
|
|a SNBRA
|
| 035 |
|
|
|a (urnnbn)urn:nbn:sk:snk:ar-a0both
|
| 035 |
|
|
|a (uuid)cecbb989-b844-45d9-a0fa-fc65e79dc9a5
|
| 035 |
|
|
|a urn:nbn:sk:snk-aaugk6
|
| 040 |
|
|
|a SNKBUCL
|b slo
|c SNKBUCL
|e AACR2
|
| 041 |
0 |
|
|a slo
|
| 044 |
|
|
|a xo
|c SK
|
| 100 |
1 |
|
|a Koseček, A. M.
|4 aut
|9 829324
|
| 245 |
1 |
0 |
|a SKÚMANIE TEPLOTNÝCH POLÍ TERMOVÍZIOU POČAS POVRCHOVÉHO TEPELNÉHO SPRACOVANIA A NAVÁRANIA KONCENTROVANÝMI ZDROJMI ENERGIE
|c B. Benko, R. Bielak, A. M. Koseček
|
| 700 |
1 |
|
|a Benko, B.
|4 aut
|9 292996
|
| 700 |
1 |
|
|a Bielak, R.
|4 aut
|9 784859
|
| 773 |
0 |
|
|t Technológia '97
|d Bratislava : Slovenská technická univerzita, 1997
|g S. 644-648
|z 802270976X
|
| 958 |
|
|
|a OND
|
| 958 |
|
|
|a article11
|
| 958 |
|
|
|a chapter
|
| 999 |
|
|
|c 1336276
|d 1338206
|